00482nam a22001577a 4500008004100000020001800041040005500059080001600114100001800130245004300148260005400191300001000245650002300255653002400278653002200302230712b |||||||| |||| 00| 0 eng d a9789353570866 aNational Science LibrarycNational Science Library a617.551bQ9 aSaini, Angela aSuperior: bThe return of race science aUttar Pradesh: bHarperCollins Publishers, c2019 a342p. aRacism in medicine aRace discrimination aScientific racism